| 000 | 01149cam a2200289 a 4500 | ||
|---|---|---|---|
| 999 |
_c332507 _d332507 |
||
| 001 | 3542037 | ||
| 003 | NUST | ||
| 005 | 20171211125305.0 | ||
| 008 | 970306s1997 ilua b 000 0 eng | ||
| 010 | _a 97010256 | ||
| 020 | _a1556522800 | ||
| 040 |
_aDLC _cDLC _dDLC |
||
| 050 | 0 | 0 |
_aBF1091 _b.P65 1997 |
| 082 | 0 | 0 |
_a154.63 _bPOL |
| 100 | 1 |
_aPolicoff, Stephen Phillip. _97136 |
|
| 245 | 1 | 4 |
_aThe dreamer's companion : _ba young person's guide to understanding dreams and using them creatively / _cStephen Phillip Policoff. |
| 250 | _a1st ed. | ||
| 260 |
_aChicago, Ill. : _bChicago Review Press, _c1997. |
||
| 300 |
_axx, 264 p. : _bill. ; _c20 cm. |
||
| 504 | _aIncludes bibliographical references (p. 263-264). | ||
| 650 | 0 |
_aDreams. _97137 |
|
| 856 | 4 | 2 |
_3Publisher description _uhttp://www.loc.gov/catdir/enhancements/fy0668/97010256-d.html |
| 906 |
_a7 _bcbc _corignew _d1 _eocip _f19 _gy-gencatlg |
||
| 942 |
_2ddc _cBK |
||